| Tag |
First Indicator |
Second Indicator |
Subfields |
| LEADER |
00000cam a2200000 a 4500 |
| 001 |
in00000084680 |
| 005 |
20151008053207.0 |
| 008 |
820419s1982 ilua b 00110 eng |
| 010 |
|
|
|a 81067241
|
| 020 |
|
|
|a 0030600677
|
| 035 |
|
|
|a (OCoLC)08292041
|
| 035 |
|
|
|9 AAH6600AM
|
| 039 |
0 |
|
|a 2
|b 3
|c 3
|d 3
|e 3
|
| 040 |
|
|
|a DLC
|c DLC
|d TXA
|d UtOrBLW
|
| 049 |
|
|
|a TXAM
|c [933499]
|
| 050 |
0 |
0 |
|a HD31
|b P24 1982
|
| 082 |
0 |
|
|a 658.4/012
|2 19
|
| 100 |
1 |
|
|a Paine, Frank T.
|
| 245 |
1 |
0 |
|a Organizational strategy and policy :
|b text and cases /
|c Frank T. Paine, William Naumes.
|
| 250 |
|
|
|a 3rd ed.
|
| 264 |
|
1 |
|a Chicago :
|b Dryden Press,
|c [1982]
|
| 264 |
|
4 |
|c ©1982
|
| 300 |
|
|
|a xiv, 618 pages :
|b illustrations ;
|c 25 cm.
|
| 336 |
|
|
|a text
|b txt
|2 rdacontent
|
| 337 |
|
|
|a unmediated
|b n
|2 rdamedia
|
| 338 |
|
|
|a volume
|b nc
|2 rdacarrier
|
| 490 |
1 |
|
|a The Dryden Press series in management
|
| 504 |
|
|
|a Includes bibliographies and indexes.
|
| 650 |
|
0 |
|a Management.
|
| 700 |
1 |
|
|a Naumes, William.
|
| 830 |
|
0 |
|a Dryden Press series in management.
|
| 999 |
|
|
|a MARS
|
| 999 |
f |
f |
|s 4fda511c-3226-30ed-b262-9ed10fa3ab29
|i 161eb5c9-6db0-3600-ae7e-5194730bac84
|t 0
|
| 952 |
f |
f |
|p ric
|a Texas A&M University
|b Rellis Campus
|c Joint Library Facility
|d Remote Storage
|t 0
|e HD31 P24 1982
|h Library of Congress classification
|i unmediated -- volume
|m A14805954829
|
| 998 |
f |
f |
|a HD31 P24 1982
|t 0
|l Remote Storage
|